000 01586nam0a2200337 i 4500
001 RU\NLR\BIBL_A\011495325
005 20240921180104.0
010 _a9785906962263
_9300
021 _aRU
_b2017-67509
_94780
035 _a(RuMoRGB)009387738
035 _a(NLR Aleph) 011495325
090 _a11968390
_c11968390
100 _a20171012d2017 u y0rusy50 ca
101 0 _arus
102 _aRU
105 _aac||z|||000zy
200 1 _aАнгел пещер Крыма
_eрассказы и заметки, собранные из разных авторских изданий
_fВладлен Авинда
210 _aСимферополь
_cАриал
_d2017
215 _a43 с., [2] л. ил., цв. ил., портр.
_cил.
_d21
300 _aНа 4-й с. обл. авт.: Гончаров В.П. (Авинда), лауреат лит. премий, мастер спорта междунар. класса, 10-кратный чемпион СССР и УССР, засл. работник культуры
606 1 _aСпелеотуризм
_jВоспоминания, записки и т.п
_xМаршруты
_yКрым
_92342348
_3RU\NLR\AUTH\6601623446
686 _aШ5(2=Р)64-646.41Крым
_2rubbk
686 1 _aЧ518.113.9спелеотуризм4(2Р-6Крм)
686 1 _aЧ518.115(2Р-6Крм)
686 2 _aШ6(2=Р)8-464.1
700 1 _7ca
_8rus
_aАвинда
_bВ.
_gВладлен
_9160795
_3RU\NLR\AUTH\770160837
942 _cBOOK
980 _aNBR